[Event "Montreal op"]
[Site "Montreal CAN"]
[Date "2013.09.07"]
[Round "3"]
[White "Le Duin, Thierry"]
[Black "Barre, Michel"]
[Result "1/2-1/2"]
[WhiteElo "2015"]
[BlackElo "1956"]
[PlyCount "94"]
[GameId "2160767909229544"]
[EventDate "2013.09.06"]
[EventType "swiss"]
[EventRounds "5"]
[EventCountry "CAN"]
[SourceTitle "hb 2013"]

1. d4 Nf6 2. Nf3 e6 3. Bg5 c5 4. e3 Qb6 5. Qc1 Nc6 6. c3 d5 7. Nbd2 cxd4 8. exd4 Be7 9. Bd3 h6 10. Bh4 Bd7 11. O-O g5 12. Bg3 Nh5 13. Be5 O-O 14. Nb3 f6 15. Bg3 Nxg3 16. hxg3 Rac8 17. Qb1 Rf7 18. Re1 Bd6 19. Re2 Ne7 20. Qc2 Nc6 21. Qd2 a5 22. Rae1 Re7 23. Bb1 a4 24. Nc1 Na5 25. Qd3 f5 26. Qc2 Nc4 27. Nd3 Rce8 28. Nfe5 Bxe5 29. Nxe5 Nxe5 30. Rxe5 Rg7 31. Qd2 Qc6 32. Qe2 Rf8 33. a3 Rf6 34. Ba2 b5 35. Qf3 Kh7 36. g4 f4 37. Qd3+ Kh8 38. f3 Kg8 39. Kf2 Kf8 40. Rh1 Be8 41. Qe2 Rd7 42. Bb1 Kg7 43. Bd3 Rb7 44. Re1 Bf7 45. Rh1 Bg6 46. Bxg6 Rxg6 47. Re1 Kf7 1/2-1/2

[Event "Montreal op"]
[Site "Montreal CAN"]
[Date "2013.09.07"]
[Round "3"]
[White "Libersan, Thierry"]
[Black "Beaulieu, Eric"]
[Result "0-1"]
[WhiteElo "2143"]
[BlackElo "2252"]
[PlyCount "90"]
[GameId "2160767909229545"]
[EventDate "2013.09.06"]
[EventType "swiss"]
[EventRounds "5"]
[EventCountry "CAN"]
[SourceTitle "hb 2013"]

1. e4 c5 2. Nf3 e6 3. d4 cxd4 4. Nxd4 a6 5. Nc3 Qc7 6. g3 Nf6 7. Bg2 d6 8. O-O Be7 9. Be3 Nbd7 10. Qe2 O-O 11. Rad1 Nb6 12. h3 Re8 13. f4 Nc4 14. Bc1 e5 15. fxe5 dxe5 16. Nf5 Bxf5 17. Rxf5 Nxb2 18. Bxb2 Qb6+ 19. Kh2 Qxb2 20. Rf3 Qb6 21. g4 h6 22. Rfd3 Rac8 23. h4 Qa5 24. Qf3 Nxg4+ 25. Qxg4 Rxc3 26. Rxc3 Qxc3 27. Rd7 b5 28. Ra7 Qc6 29. Qf5 g6 30. Qf2 Bf6 31. h5 Re7 32. hxg6 Rxa7 33. Qxa7 fxg6 34. c3 Bg7 35. Qe3 Kh7 36. Bf1 h5 37. Be2 Qe6 38. c4 b4 39. Qd2 Qe7 40. Qd5 Bf8 41. Bd1 Qc5 42. Qf7+ Bg7 43. Bb3 Qe3 44. Qd5 h4 45. c5 Qf2+ 0-1

[Event "Montreal op"]
[Site "Montreal CAN"]
[Date "2013.09.07"]
[Round "3"]
[White "Qin, Zi Yi (Joey)"]
[Black "Khashper, Arkady"]
[Result "1-0"]
[WhiteElo "2333"]
[BlackElo "2134"]
[PlyCount "119"]
[GameId "2160767909229546"]
[EventDate "2013.09.06"]
[EventType "swiss"]
[EventRounds "5"]
[EventCountry "CAN"]
[SourceTitle "hb 2013"]

1. e4 e6 2. d4 d5 3. Nd2 Nf6 4. e5 Nfd7 5. Bd3 c5 6. c3 Nc6 7. Ne2 cxd4 8. cxd4 f6 9. exf6 Nxf6 10. Nf3 Bd6 11. O-O O-O 12. Bf4 Bxf4 13. Nxf4 Ne4 14. Qc1 Ng5 15. Nxg5 Qxg5 16. Bxh7+ Kxh7 17. Nxe6 Qf6 18. Nxf8+ Qxf8 19. Qg5 Qf5 20. Qh4+ Kg8 21. Rae1 Bd7 22. Re3 Qg4 23. Qxg4 Bxg4 24. f3 Bh5 25. Kf2 Re8 26. Rc1 Kf8 27. Rxe8+ Kxe8 28. Ke3 Kd7 29. a3 Na5 30. Kd3 Nc4 31. Kc3 Ne3 32. g4 Bf7 33. Rg1 Nc4 34. h4 Nd6 35. h5 Bg8 36. Re1 Nf7 37. Kd3 Bh7+ 38. Ke3 Nd8 39. Kf4 Nc6 40. Rd1 Ke6 41. Kg5 Bc2 42. Rd2 Bb1 43. f4 Be4 44. f5+ Kf7 45. Rd1 Bc2 46. Rd2 Be4 47. Kf4 Kf6 48. Rd1 Kf7 49. Rc1 Kf6 50. b4 Bd3 51. Rc5 Bc4 52. g5+ Kf7 53. b5 Nxd4 54. Rc7+ Kf8 55. Rc8+ Kf7 56. g6+ Ke7 57. h6 gxh6 58. g7 Ne2+ 59. Ke5 d4 60. f6+ 1-0

[Event "Montreal op"]
[Site "Montreal CAN"]
[Date "2013.09.07"]
[Round "3"]
[White "Robichaud, Louis"]
[Black "Gueorguiev, Valentin"]
[Result "1-0"]
[WhiteElo "2083"]
[BlackElo "1887"]
[PlyCount "65"]
[GameId "2160767909229547"]
[EventDate "2013.09.06"]
[EventType "swiss"]
[EventRounds "5"]
[EventCountry "CAN"]
[SourceTitle "hb 2013"]

1. e4 g6 2. d4 Bg7 3. f4 d5 4. e5 Nh6 5. Nc3 c6 6. Be3 Qb6 7. Na4 Qc7 8. Qd2 Ng4 9. O-O-O Nxe3 10. Qxe3 Nd7 11. Nf3 b5 12. Nc5 Nxc5 13. dxc5 Bg4 14. Be2 Bxf3 15. Bxf3 e6 16. h4 h5 17. g4 hxg4 18. Bxg4 O-O-O 19. h5 g5 20. fxg5 Bxe5 21. Rhf1 d4 22. Qf3 Qe7 23. Qxc6+ Bc7 24. Qa6+ Kb8 25. Qxb5+ Kc8 26. Qa6+ Kb8 27. Rd3 Qxg5+ 28. Kb1 Qxc5 29. Rb3+ Bb6 30. Rxf7 Qc6 31. Qxa7+ Kc8 32. Bxe6+ Rd7 33. Bxd7+ 1-0

[Event "Montreal op"]
[Site "Montreal CAN"]
[Date "2013.09.07"]
[Round "3"]
[White "Trahan, Daniel"]
[Black "Masse, Hugues"]
[Result "0-1"]
[WhiteElo "2115"]
[BlackElo "2169"]
[PlyCount "98"]
[GameId "2160767909229549"]
[EventDate "2013.09.06"]
[EventType "swiss"]
[EventRounds "5"]
[EventCountry "CAN"]
[SourceTitle "hb 2013"]

1. c4 e5 2. g3 Nf6 3. Bg2 d5 4. cxd5 Nxd5 5. Nc3 Nb6 6. Nf3 Nc6 7. O-O Be7 8. d3 O-O 9. a3 Be6 10. b4 f6 11. Be3 a5 12. b5 Nd4 13. Nd2 Nd5 14. Nxd5 Bxd5 15. Bxd5+ Qxd5 16. a4 Rfd8 17. Rc1 Rd7 18. Rc4 Bb4 19. Nb3 Nf5 20. Bd2 Bxd2 21. Qxd2 Qxc4 22. dxc4 Rxd2 23. Nxd2 Nd4 24. Re1 Rd8 25. Kf1 b6 26. e3 Ne6 27. Ne4 Rd3 28. Rc1 Ra3 29. c5 Rxa4 30. cxb6 cxb6 31. Nd6 Nc5 32. Nc8 Rb4 33. Nxb6 Rxb5 34. Nc4 a4 35. Nd6 Ra5 36. Nc4 Nb3 37. Rc2 Rc5 38. Ke2 Na5 39. Na3 Rxc2+ 40. Nxc2 Kf7 41. Kd3 Ke6 42. Kc3 Kd5 43. Kb4 Nc6+ 44. Kxa4 Kc4 45. Na3+ Kd3 46. Kb5 Nd8 47. Nc4 Ne6 48. f4 e4 49. Nd6 Kxe3 0-1

[Event "Montreal op"]
[Site "Montreal CAN"]
[Date "2013.09.07"]
[Round "3"]
[White "Vidal, Llewellyn"]
[Black "Poulin, Mathieu"]
[Result "1/2-1/2"]
[WhiteElo "2102"]
[BlackElo "2080"]
[PlyCount "89"]
[GameId "2160767909229550"]
[EventDate "2013.09.06"]
[EventType "swiss"]
[EventRounds "5"]
[EventCountry "CAN"]
[SourceTitle "hb 2013"]

1. Nf3 d5 2. g3 c5 3. Bg2 Nc6 4. d4 cxd4 5. Nxd4 e6 6. O-O Bc5 7. Nxc6 bxc6 8. c4 Ne7 9. Qa4 O-O 10. Nc3 Rb8 11. a3 a5 12. Bf4 Rxb2 13. Rab1 Rxb1 14. Rxb1 Bd4 15. Qc2 e5 16. Bg5 f6 17. Bd2 Ba6 18. cxd5 cxd5 19. Nxd5 Nxd5 20. Qb3 Bxe2 21. Qxd5+ Qxd5 22. Bxd5+ Kh8 23. Bxa5 g6 24. Rc1 Bd3 25. Bb4 Rd8 26. Be6 e4 27. Rc8 Rxc8 28. Bxc8 Bb5 29. Bd2 Kg7 30. Bh3 Bc5 31. Bc1 Kf7 32. Bf1 Bd3 33. a4 Bb4 34. Be3 Bc2 35. Bb5 Ba5 36. Kf1 Bd1 37. h3 Ke6 38. g4 Ke5 39. Kg2 g5 40. Kg3 h5 41. gxh5 Bxh5 42. Bc1 Bd1 43. Bb2+ Kf5 44. Bd7+ Kg6 45. h4 1/2-1/2

[Event "Montreal op"]
[Site "Montreal CAN"]
[Date "2013.09.07"]
[Round "3"]
[White "Yu, Zong Yang"]
[Black "Corriveau, Philippe"]
[Result "1-0"]
[WhiteElo "2070"]
[BlackElo "2048"]
[PlyCount "95"]
[GameId "2160767909229551"]
[EventDate "2013.09.06"]
[EventType "swiss"]
[EventRounds "5"]
[EventCountry "CAN"]
[SourceTitle "hb 2013"]

1. d4 d5 2. c4 c6 3. Nf3 Nf6 4. e3 a6 5. Bd3 dxc4 6. Bxc4 b5 7. Bd3 e6 8. O-O c5 9. Qe2 Nc6 10. Rd1 c4 11. Bc2 Nb4 12. Nc3 Nxc2 13. Qxc2 Bb7 14. d5 Qb6 15. e4 Bc5 16. Bg5 O-O 17. Bxf6 gxf6 18. e5 f5 19. Ng5 h6 20. Nh3 Bd4 21. Re1 Rad8 22. dxe6 fxe6 23. Kh1 Qc6 24. Nf4 Rf7 25. f3 Rg7 26. Re2 Bb6 27. Nh5 Rd3 28. Nxg7 Kxg7 29. Rd1 Qc5 30. Red2 Qxe5 31. Rxd3 cxd3 32. Qxd3 Bc7 33. Qd4 Kf6 34. Ne2 Qxd4 35. Rxd4 Bc6 36. Rd2 Ke7 37. Kg1 e5 38. Kf1 Bb6 39. Ng3 Bd7 40. Ke2 Be6 41. b3 b4 42. Nf1 Bd7 43. Rc2 Bb5+ 44. Ke1 Kd7 45. Ng3 Bd4 46. Nxf5 Bc3+ 47. Kd1 Bd3 48. Nxh6 1-0

[Event "Montreal op"]
[Site "Montreal CAN"]
[Date "2013.09.07"]
[Round "3"]
[White "Zhou, Qiyu"]
[Black "Nicula, Marius"]
[Result "0-1"]
[WhiteElo "2007"]
[BlackElo "2184"]
[PlyCount "60"]
[GameId "2160767909229552"]
[EventDate "2013.09.06"]
[EventType "swiss"]
[EventRounds "5"]
[EventCountry "CAN"]
[SourceTitle "hb 2013"]

1. e4 e6 2. d4 d5 3. Nc3 Nf6 4. Bg5 dxe4 5. Nxe4 Be7 6. Bxf6 gxf6 7. Nf3 f5 8. Ned2 c5 9. c3 Nc6 10. Nb3 cxd4 11. Nbxd4 Bd7 12. Bd3 Qb6 13. Qe2 Nxd4 14. Nxd4 O-O-O 15. O-O Bd6 16. a4 Qc7 17. h3 Rhg8 18. Nb5 Bxb5 19. axb5 Bc5 20. Kh1 Qf4 21. b4 Bb6 22. c4 Bd4 23. Ra3 Rxg2 24. Kxg2 Rg8+ 25. Kh1 Be5 26. f3 Qg3 27. Bxf5 exf5 28. f4 Qxa3 29. Rf3 Qa1+ 30. Rf1 Qb2 0-1

[Event "Montreal op"]
[Site "Montreal CAN"]
[Date "2013.09.08"]
[Round "4"]
[White "Barre, Michel"]
[Black "Robichaud, Louis"]
[Result "0-1"]
[WhiteElo "1956"]
[BlackElo "2083"]
[PlyCount "66"]
[GameId "2160767909229553"]
[EventDate "2013.09.06"]
[EventType "swiss"]
[EventRounds "5"]
[EventCountry "CAN"]
[SourceTitle "EXT 2022"]
[Source "ChessBase"]
[SourceDate "2021.10.06"]
[SourceVersion "1"]
[SourceVersionDate "2021.10.06"]
[SourceQuality "1"]

1. Nf3 Nf6 2. c4 g6 3. Nc3 Bg7 4. e4 d6 5. d4 O-O 6. Be2 e5 7. O-O Nc6 8. d5 Ne7 9. Ne1 Nd7 10. Be3 f5 11. f3 f4 12. Bf2 g5 13. b4 Nf6 14. c5 Ng6 15. Rc1 Rf7 16. Nd3 h5 17. h3 Bf8 18. cxd6 cxd6 19. a4 Rg7 20. a5 Nh8 21. Rc2 g4 22. fxg4 hxg4 23. hxg4 Nxg4 24. Bf3 Qg5 25. Re1 Bd7 26. Qe2 Qh5 27. Rec1 Qh2+ 28. Kf1 Qh1+ 29. Bg1 Nh2+ 30. Kf2 Be7 31. Qd1 Nxf3 32. Ke2 Qxg2+ 33. Bf2 Bg4 0-1

[Event "Montreal op"]
[Site "Montreal CAN"]
[Date "2013.09.08"]
[Round "4"]
[White "Beaulieu, Eric"]
[Black "Sambuev, Bator"]
[Result "0-1"]
[WhiteElo "2252"]
[BlackElo "2562"]
[PlyCount "74"]
[GameId "2160767909229554"]
[EventDate "2013.09.06"]
[EventType "swiss"]
[EventRounds "5"]
[EventCountry "CAN"]
[SourceTitle "hb 2013"]

1. d4 d5 2. c4 e6 3. Nc3 c6 4. e3 f5 5. f4 Nf6 6. Nf3 Bd6 7. Be2 O-O 8. O-O b6 9. Ne5 Bb7 10. Bf3 Nbd7 11. Bd2 Ne4 12. Nxe4 dxe4 13. Be2 c5 14. Nxd7 Qxd7 15. dxc5 Bxc5 16. b4 Rfd8 17. bxc5 Qxd2 18. Qxd2 Rxd2 19. Kf2 Ba6 20. Rfc1 bxc5 21. Rd1 Rad8 22. Ke1 Rxd1+ 23. Rxd1 Rxd1+ 24. Kxd1 Kf7 25. Kc2 Bb7 26. g4 fxg4 27. Bxg4 Kf6 28. Bh3 e5 29. Kd2 h6 30. a3 Ba6 31. Bf1 Bc8 32. Bg2 Bf5 33. Bf1 Bg4 34. fxe5+ Kxe5 35. Ke1 g5 36. Kf2 h5 37. Bg2 Bd1 0-1

[Event "Montreal op"]
[Site "Montreal CAN"]
[Date "2013.09.08"]
[Round "4"]
[White "Cvetkovic, Simeon"]
[Black "Zhou, Qiyu"]
[Result "1/2-1/2"]
[WhiteElo "1964"]
[BlackElo "2007"]
[PlyCount "138"]
[GameId "2160767909229555"]
[EventDate "2013.09.06"]
[EventType "swiss"]
[EventRounds "5"]
[EventCountry "CAN"]
[SourceTitle "hb 2013"]

1. g3 d5 2. Bg2 Nf6 3. Nf3 e6 4. O-O Be7 5. d3 O-O 6. Nbd2 c5 7. e4 Nc6 8. Re1 Qc7 9. e5 Nd7 10. Qe2 b5 11. h4 Bb7 12. c3 b4 13. c4 Nb6 14. b3 a5 15. Bb2 a4 16. Rab1 axb3 17. axb3 Ra2 18. Nf1 Rfa8 19. N1h2 Na5 20. Qc2 Bc6 21. Ra1 Rxa1 22. Rxa1 Qb7 23. Nd2 dxc4 24. Bxc6 Nxc6 25. Rxa8+ Qxa8 26. dxc4 Qa2 27. Qb1 Qxb1+ 28. Nxb1 f6 29. exf6 Bxf6 30. Bxf6 gxf6 31. Nf3 Kf7 32. Kf1 Nd7 33. Nbd2 e5 34. Ne1 Nd4 35. f3 f5 36. Kf2 Ke6 37. Ke3 Nf6 38. Nd3 Kd6 39. Nf2 Nh5 40. g4 Ng3 41. Nd3 f4+ 42. Kf2 Ne6 43. Ke1 Nf8 44. Nf2 Ne6 45. Nfe4+ Nxe4 46. Nxe4+ Kc6 47. g5 Nd4 48. h5 Nxf3+ 49. Kf2 Nh4 50. g6 hxg6 51. h6 g5 52. Nxg5 Kd7 53. Ne4 Ke7 54. Nxc5 Kf7 55. Nd3 Kg6 56. Nxe5+ Kxh6 57. c5 Nf5 58. c6 Kg7 59. Nd7 Nd6 60. Nb6 Nb5 61. Nd5 Na7 62. c7 Nc8 63. Nxb4 Kf6 64. Kf3 Ke5 65. Na6 Kd6 66. Kxf4 Kc6 67. Ke4 Kb6 68. Kd5 Kxa6 69. Kc5 Kb7 1/2-1/2

[Event "Montreal op"]
[Site "Montreal CAN"]
[Date "2013.09.08"]
[Round "4"]
[White "Dumont, Felix"]
[Black "Poulin, Mathieu"]
[Result "1-0"]
[WhiteElo "2144"]
[BlackElo "2080"]
[PlyCount "67"]
[GameId "2160767909229556"]
[EventDate "2013.09.06"]
[EventType "swiss"]
[EventRounds "5"]
[EventCountry "CAN"]
[SourceTitle "hb 2013"]

1. e4 c6 2. d4 d5 3. f3 e6 4. Nc3 b6 5. Bf4 Nf6 6. a3 Be7 7. Qd2 Bb7 8. O-O-O b5 9. exd5 Nxd5 10. Nxd5 exd5 11. Re1 O-O 12. Bd3 Nd7 13. h4 Re8 14. Nh3 Nf8 15. h5 Ne6 16. Be3 Bf6 17. g4 Nxd4 18. Bxd4 Rxe1+ 19. Rxe1 Bxd4 20. Bxh7+ Kxh7 21. Qxd4 Qh4 22. Nf2 Bc8 23. Re8 f5 24. Qc5 Qf6 25. Rf8 Qg5+ 26. Kb1 fxg4 27. fxg4 Qe5 28. Qxc6 Bf5 29. Rxa8 Qe1+ 30. Ka2 Be6 31. Nd3 d4+ 32. b3 Qe2 33. Nb4 Bxb3+ 34. Kxb3 1-0

[Event "Montreal op"]
[Site "Montreal CAN"]
[Date "2013.09.08"]
[Round "4"]
[White "Khashper, Arkady"]
[Black "Bouchard, Jean-Marc"]
[Result "1-0"]
[WhiteElo "2134"]
[BlackElo "1979"]
[PlyCount "122"]
[GameId "2160767909229558"]
[EventDate "2013.09.06"]
[EventType "swiss"]
[EventRounds "5"]
[EventCountry "CAN"]
[SourceTitle "hb 2013"]

1. e4 e6 2. d4 d5 3. Nc3 Nf6 4. Bg5 Be7 5. e5 Nfd7 6. Bxe7 Qxe7 7. f4 a6 8. Nf3 c5 9. Qd2 Nc6 10. dxc5 Qxc5 11. O-O-O b5 12. Kb1 Bb7 13. Ne2 O-O-O 14. h4 Qf2 15. h5 h6 16. Rh3 Nc5 17. Nfd4 Nxd4 18. Qxd4 Qxd4 19. Nxd4 Ne4 20. Rf3 Kd7 21. Bd3 f5 22. Kc1 Ke7 23. Rg1 Rhe8 24. g4 fxg4 25. Rxg4 Kf8 26. Rg6 Bc8 27. Rf1 Nc5 28. Be2 b4 29. Nc6 Rd7 30. Nxb4 Rf7 31. Nc6 Bd7 32. Nd4 Rb8 33. Rg3 Bb5 34. Bxb5 axb5 35. b4 Ne4 36. Rg6 Ng5 37. Kd2 Ne4+ 38. Kd3 Ra8 39. Nxe6+ Kg8 40. f5 Rxa2 41. f6 Ra3+ 42. c3 Rxc3+ 43. Kd4 Rc4+ 44. Ke3 Nxf6 45. Rfxf6 Rxf6 46. Rxg7+ Kh8 47. exf6 Re4+ 48. Kd3 Rxe6 49. Rg6 Re8 50. Kd4 Rd8 51. f7 Rf8 52. Rg8+ Rxg8 53. fxg8=Q+ Kxg8 54. Kxd5 Kf7 55. Kc5 Kf6 56. Kxb5 Kg5 57. Kc5 Kxh5 58. b5 Kg4 59. b6 h5 60. b7 h4 61. b8=Q h3 1-0

[Event "Montreal op"]
[Site "Montreal CAN"]
[Date "2013.09.08"]
[Round "4"]
[White "Le Duin, Thierry"]
[Black "Libersan, Thierry"]
[Result "1/2-1/2"]
[WhiteElo "2015"]
[BlackElo "2143"]
[PlyCount "94"]
[GameId "2160767909229559"]
[EventDate "2013.09.06"]
[EventType "swiss"]
[EventRounds "5"]
[EventCountry "CAN"]
[SourceTitle "hb 2013"]

1. d4 c5 2. e3 Nf6 3. c3 g6 4. Nf3 Bg7 5. Bd3 O-O 6. O-O b6 7. Nbd2 Bb7 8. Ne5 d6 9. Ng4 Nfd7 10. f4 f5 11. Nf2 e5 12. dxe5 dxe5 13. Bc4+ Kh8 14. Nf3 h6 15. Qe2 Qe7 16. Rd1 e4 17. Ne1 Nc6 18. Rb1 Rad8 19. Nc2 Kh7 20. Bd2 Rc8 21. Be1 Rfd8 22. Rd2 Nf6 23. Rbd1 Rxd2 24. Rxd2 Rd8 25. Rxd8 Qxd8 26. Qd2 Qxd2 27. Bxd2 Na5 28. Be6 Bd5 29. Bxd5 Nxd5 30. Nd1 g5 31. g3 Nc4 32. Be1 Kg6 33. b3 Nd6 34. c4 Nc7 35. Bc3 Bxc3 36. Nxc3 Kf6 37. Kf2 g4 38. Ke2 h5 39. Kd2 Ke6 40. a4 Nb7 41. Nb5 Nxb5 42. axb5 Nd6 43. Kc3 Nf7 44. Ne1 Nh8 45. Ng2 Ng6 46. Nh4 Nxh4 47. gxh4 Kd7 1/2-1/2

[Event "Montreal op"]
[Site "Montreal CAN"]
[Date "2013.09.08"]
[Round "4"]
[White "Lopez Linares, Lizandro"]
[Black "Ibrahim, Anthony"]
[Result "0-1"]
[WhiteElo "2059"]
[BlackElo "2157"]
[PlyCount "46"]
[GameId "2160767909229560"]
[EventDate "2013.09.06"]
[EventType "swiss"]
[EventRounds "5"]
[EventCountry "CAN"]
[SourceTitle "EXT 2022"]
[Source "ChessBase"]
[SourceDate "2021.10.06"]
[SourceVersion "1"]
[SourceVersionDate "2021.10.06"]
[SourceQuality "1"]

1. d4 Nf6 2. Nf3 e6 3. Bf4 d5 4. e3 Bd6 5. Bg3 Ne4 6. Nbd2 O-O 7. c4 Nxg3 8. hxg3 c6 9. Qc2 g6 10. Bd3 Na6 11. a3 b6 12. cxd5 cxd5 13. Ke2 f5 14. Ne5 Bxe5 15. dxe5 Nc5 16. b4 Ne4 17. Rac1 Bd7 18. Ba6 Qg5 19. Nf3 Qe7 20. Nd4 Qg7 21. Qc7 Rf7 22. Ke1 Ba4 23. Nxe6 Rxc7 0-1

[Event "Montreal op"]
[Site "Montreal CAN"]
[Date "2013.09.08"]
[Round "4"]
[White "Luo, Zhao Yang"]
[Black "Trahan, Daniel"]
[Result "1-0"]
[WhiteElo "1981"]
[BlackElo "2115"]
[PlyCount "39"]
[GameId "2160767909229561"]
[EventDate "2013.09.06"]
[EventType "swiss"]
[EventRounds "5"]
[EventCountry "CAN"]
[SourceTitle "hb 2013"]

1. d4 g6 2. Nf3 Bg7 3. e4 d6 4. c3 Nf6 5. Qc2 O-O 6. Be2 c5 7. dxc5 dxc5 8. O-O Qc7 9. Bg5 Nc6 10. Nbd2 b6 11. Rfe1 Bb7 12. Bf1 h6 13. Bh4 Nh5 14. Bc4 g5 15. Bxg5 hxg5 16. e5 Nxe5 17. Rxe5 Bxe5 18. Nxg5 Nf6 19. Qg6+ Kh8 20. Bxf7 1-0

[Event "Montreal op"]
[Site "Montreal CAN"]
[Date "2013.09.08"]
[Round "4"]
[White "Masse, Hugues"]
[Black "Qin, Zi Yi (Joey)"]
[Result "0-1"]
[WhiteElo "2169"]
[BlackElo "2333"]
[PlyCount "106"]
[GameId "2160767909229562"]
[EventDate "2013.09.06"]
[EventType "swiss"]
[EventRounds "5"]
[EventCountry "CAN"]
[SourceTitle "hb 2013"]

1. d4 Nf6 2. c4 g6 3. g3 Bg7 4. Bg2 O-O 5. Nc3 d6 6. Nf3 c6 7. O-O Qa5 8. e4 e5 9. h3 Nbd7 10. Re1 exd4 11. Nxd4 Ne5 12. Bf1 Re8 13. Be3 c5 14. Nb3 Qb4 15. a3 Nf3+ 16. Qxf3 Qxb3 17. Rad1 Qxb2 18. Nb5 Bd7 19. Nxd6 Qxa3 20. Nxe8 Rxe8 21. Rd6 Qc3 22. Red1 Bc6 23. Rd8 h6 24. Rxe8+ Nxe8 25. Be2 Qe5 26. Bf4 Qe6 27. Bf1 Bxe4 28. Qe2 Qc6 29. Re1 Nf6 30. Be5 Bf3 31. Qe3 Nd7 32. Bxg7 Kxg7 33. Qc3+ Qf6 34. Qxf6+ Kxf6 35. Bg2 Bxg2 36. Kxg2 Ne5 37. Re4 a6 38. f4 Nc6 39. Kf3 b5 40. cxb5 axb5 41. Re8 Nd4+ 42. Ke4 Nf5 43. Kf3 Nd4+ 44. Ke3 Nf5+ 45. Kf2 Nd6 46. Re5 b4 47. Ke2 c4 48. Rd5 Ke6 49. Re5+ Kf6 50. Rd5 Ne4 51. Rd4 b3 52. Ke3 b2 53. Rd1 Nc3 0-1

[Event "Montreal op"]
[Site "Montreal CAN"]
[Date "2013.09.08"]
[Round "4"]
[White "Nikulich, Oleksandr"]
[Black "Yu, Zong Yang"]
[Result "1-0"]
[WhiteElo "2117"]
[BlackElo "2070"]
[PlyCount "71"]
[GameId "2160767909229563"]
[EventDate "2013.09.06"]
[EventType "swiss"]
[EventRounds "5"]
[EventCountry "CAN"]
[SourceTitle "hb 2013"]

1. Nf3 d5 2. c4 c6 3. d4 Nf6 4. Nc3 dxc4 5. a4 Bf5 6. e3 e6 7. Bxc4 Bb4 8. O-O O-O 9. Bd2 a5 10. h3 Nbd7 11. Nh4 Nb6 12. Be2 Ne4 13. Nxf5 exf5 14. Be1 Qe7 15. Qb3 c5 16. Nxe4 fxe4 17. Bxb4 axb4 18. a5 Nd7 19. dxc5 Qxc5 20. Rfd1 Nf6 21. Rdc1 Qd6 22. Rc4 Qd2 23. Bf1 Qd5 24. Rxb4 Rxa5 25. Rxa5 Qxa5 26. Rxb7 Qh5 27. Bc4 g5 28. Rb8 g4 29. Rxf8+ Kxf8 30. Be2 Qh4 31. hxg4 Nxg4 32. Qb8+ Kg7 33. Qf4 f5 34. Bxg4 Qxg4 35. Qxg4+ fxg4 36. Kh2 1-0

[Event "Montreal op"]
[Site "Montreal CAN"]
[Date "2013.09.08"]
[Round "4"]
[White "Nunez, Omar"]
[Black "Langlois-Remillard, Alexis"]
[Result "1-0"]
[WhiteElo "1993"]
[BlackElo "1941"]
[PlyCount "63"]
[GameId "2160767909229564"]
[EventDate "2013.09.06"]
[EventType "swiss"]
[EventRounds "5"]
[EventCountry "CAN"]
[SourceTitle "hb 2013"]

1. e4 Nc6 2. d3 Nf6 3. f4 d6 4. Nf3 g6 5. g3 Bg4 6. c3 Bg7 7. Bg2 e5 8. O-O O-O 9. Qc2 Qd7 10. Re1 Rae8 11. b4 exf4 12. gxf4 Bxf3 13. Bxf3 Qh3 14. Bg2 Qh4 15. Qe2 Ng4 16. h3 Nd4 17. cxd4 Bxd4+ 18. Kh1 f5 19. a3 Nf2+ 20. Kh2 fxe4 21. dxe4 Bxa1 22. Rf1 Nxe4 23. Bxe4 c6 24. Qa2+ Rf7 25. Bg2 Bd4 26. Nd2 Re2 27. Qc4 Rf2 28. Qxd4 R7xf4 29. Qxd6 Rxf1 30. Nxf1 Rxf1 31. Bxf1 Qf2+ 32. Bg2 1-0

[Event "Montreal op"]
[Site "Montreal CAN"]
[Date "2013.09.08"]
[Round "4"]
[White "Prahov, Valentin"]
[Black "Nicula, Marius"]
[Result "1/2-1/2"]
[WhiteElo "2135"]
[BlackElo "2184"]
[PlyCount "70"]
[GameId "2160767909229565"]
[EventDate "2013.09.06"]
[EventType "swiss"]
[EventRounds "5"]
[EventCountry "CAN"]
[SourceTitle "EXT 2022"]
[Source "ChessBase"]
[SourceDate "2021.10.06"]
[SourceVersion "1"]
[SourceVersionDate "2021.10.06"]
[SourceQuality "1"]

1. e4 e6 2. d4 d5 3. e5 c5 4. c3 Nc6 5. Nf3 Qb6 6. a3 f6 7. Bd3 fxe5 8. Nxe5 Nxe5 9. dxe5 Ne7 10. O-O c4 11. Bc2 Bd7 12. Nd2 g6 13. Nf3 Bg7 14. Rb1 O-O 15. Be3 Qc7 16. Bd4 Nf5 17. Qe2 Nxd4 18. cxd4 b5 19. h4 Bh6 20. Ng5 Bxg5 21. hxg5 a5 22. g3 b4 23. Kg2 Rab8 24. axb4 Rxb4 25. Rh1 Ba4 26. Rh6 Bxc2 27. Qxc2 Qf7 28. Rbh1 Rb3 29. Rxh7 Qxh7 30. Rxh7 Kxh7 31. Qd1 Kg7 32. Qg4 Rb6 33. Qh4 Rh8 34. Qf4 Rf8 35. Qh4 Rh8 1/2-1/2

[Event "Montreal op"]
[Site "Montreal CAN"]
[Date "2013.09.08"]
[Round "4"]
[White "Sprumont, Oscar"]
[Black "Cardona, Misael"]
[Result "1-0"]
[WhiteElo "1964"]
[BlackElo "2109"]
[PlyCount "109"]
[GameId "2160767909229566"]
[EventDate "2013.09.06"]
[EventType "swiss"]
[EventRounds "5"]
[EventCountry "CAN"]
[SourceTitle "hb 2013"]

1. Nf3 f5 2. c4 Nf6 3. g3 g6 4. Bg2 Bg7 5. O-O d6 6. Nc3 e5 7. d3 O-O 8. b4 h6 9. c5 g5 10. Qb3+ Kh8 11. Ba3 e4 12. Ne1 e3 13. fxe3 Qe8 14. Bc1 Ng4 15. Nc2 Be6 16. Qb2 Nc6 17. d4 d5 18. Bd2 Qh5 19. h3 Nf6 20. Ne1 f4 21. g4 Bxg4 22. hxg4 Nxg4 23. Nf3 fxe3 24. Be1 Nxd4 25. Bg3 Nb5 26. Rac1 c6 27. a4 Nxc3 28. Rxc3 Nf6 29. Rxe3 g4 30. Re5 Ne4 31. Rxh5 Bxb2 32. Be5+ Kh7 33. Nh4 Rxf1+ 34. Bxf1 Bc1 35. Rf5 Ng5 36. Bf4 Bxf4 37. Rxf4 h5 38. Rf5 Rg8 39. Bg2 Rg7 40. Kh2 Kg8 41. Kg3 a5 42. b5 Ne6 43. bxc6 bxc6 44. e4 d4 45. Bf1 Re7 46. Ng6 Re8 47. Bd3 Kg7 48. Nf4 Nxf4 49. Kxf4 Rb8 50. e5 Rb3 51. Ke4 Kh8 52. e6 g3 53. e7 Rb8 54. Kf4 Re8 55. Rf7 1-0

[Event "Montreal op"]
[Site "Montreal CAN"]
[Date "2013.09.08"]
[Round "4"]
[White "Zhu, Hong Rui"]
[Black "Kleinman, Michael"]
[Result "0-1"]
[WhiteElo "2066"]
[BlackElo "2292"]
[PlyCount "98"]
[GameId "2160767909229567"]
[EventDate "2013.09.06"]
[EventType "swiss"]
[EventRounds "5"]
[EventCountry "CAN"]
[SourceTitle "hb 2013"]

1. e4 c5 2. Nf3 Nc6 3. d4 cxd4 4. Nxd4 e6 5. Be3 Nf6 6. Nd2 d5 7. exd5 exd5 8. h3 Bd6 9. c3 O-O 10. Be2 Re8 11. N2f3 Rxe3 12. fxe3 Bg3+ 13. Kf1 Ne4 14. Qc2 Qf6 15. Bd3 Nxd4 16. cxd4 Nf2 17. Ke2 Nxh1 18. Rxh1 g6 19. Rf1 Be6 20. Qd2 Qe7 21. Rc1 Bd7 22. Rc3 Re8 23. Bc2 Kg7 24. Bb3 Bc6 25. Kd1 h5 26. Kc1 h4 27. Kb1 Bc7 28. Rc1 Qxe3 29. Qxe3 Rxe3 30. Nxh4 Bg3 31. Nf3 Kf6 32. Rf1 Bb5 33. Ne5+ Bxf1 34. Ng4+ Ke6 35. Nxe3 Bd3+ 36. Kc1 Be4 37. Kd2 f5 38. Bc2 f4 39. Nf1 Bf2 40. Bxe4 dxe4 41. b3 Bxd4 42. Ke2 Bc3 43. Nh2 Kd5 44. Ng4 Bg7 45. Nf2 Kd4 46. Nd1 b5 47. Kd2 Kd5 48. Ke2 Bd4 49. Kd2 a5 0-1